Logo BPK

Biblioteka

Politechniki Koszalińskiej

Rešenie metodom Monte-Karlo zadač perenosa bystrych elektronov v veščestve / (Rekord nr 14705)

Szczegóły MARC
000 -ETYKIETA REKORDU
podpole kontrolne o stałej długości 00477nam a2200169 i 4500
001 - NUMER KONTROLNY REKORDU
pole kontrolne bg
040 ## - ŹRÓDŁO KATALOGOWANIA
Instytucja, która utworzyła rekord BPK
041 ## - KOD JĘZYKA
Kod języka tekstu pol
080 ## - UNIWERSALNA KLASYFIKACJA DZIESIĘTNA - UKD
UKD 539.12
008 - POLE O STAŁEJ DŁUGOŚCI - DANE KONTROLNE
podpole kontrolne o stałej długości s pl f |000 0 pol
100 1# - NAZWA OSOBOWA
Nazwa osobowa AKKERMAN, A. F.
245 #0 - TYTUŁ/ODPOWIEDZIALNOŚĆ
Tytuł Rešenie metodom Monte-Karlo zadač perenosa bystrych elektronov v veščestve /
Pozostałe elementy strefy tytułu i oznaczenia odpowiedzialności A.F. Akkerman, Ju.M. Nikitusew, W.A. Botwin.
260 ## - STREFA ADRESU WYDAWNICZEGO
Miejsce wydania Alma-Ata,
Data publikacji, dystrybucji/powstania dokumentu 1972.
700 1# - HASŁO DODATKOWE - NAZWA OSOBOWA
Nazwa osobowa NIKITUSEV, Ju. M.
700 1# - HASŁO DODATKOWE - NAZWA OSOBOWA
Nazwa osobowa BOTVIN, V. A.
856 ## - LOKALIZACJA I DOSTĘP DO ELEKTRONICZNYCH DOKUMENTÓW ZDALNYCH
Link (URL) http://koha.tu.koszalin.pl/cgi-bin/koha/opac-detail.pl?biblionumber=14705
Tekst linku Katalog online BPK
942 ## - DODATKOWE ELEMENTY (KOHA)
Typ dokumentu Książka
Egzemplarze
Wycofany Status egzemplarza Uszkodzony Dostępność Lokalizacja stała Lokalizacja bieżąca Miejsce przechowywania Sygnatura Kod kreskowy Typ dokumentu Numer ubytku
      Dostępny Biblioteka Politechniki Koszalińskiej Biblioteka Politechniki Koszalińskiej Wypożyczalnia BG 14611 01723946 Książka  
  Egz. niedostępny   Niedostępny Biblioteka Politechniki Koszalińskiej Biblioteka Politechniki Koszalińskiej   14612 01723953 Książka 8749
© 2023 Biblioteka Politechniki Koszalińskiej :: KOHA